Historia del pensamiento antropológico / (Record no. 185573)

MARC details
000 -LEADER
campo de control de longitud fija 00952nam a2200265 i 4500
001 - NÚMERO DE CONTROL
campo de control 185573
003 - IDENTIFICADOR DE NÚMERO DE CONTROL
campo de control SpMaBN
005 - FECHA Y HORA DE LA ÚLTIMA TRANSACCIÓN
campo de control 20230906222452.0
008 - DATOS DE LONGITUD FIJA--INFORMACIÓN GENERAL
campo de control de longitud fija 160718s1987 sp |||| |dspa d
020 ## - NÚMERO INTERNACIONAL ESTÁNDAR DEL LIBRO
Número Internacional Estándar del Libro 84-376-0724-8
080 ## - NÚMERO DE LA CLASIFICACIÓN DECIMAL UNIVERSAL
Número de la Clasificación Decimal Universal 39(091)
100 1# - ENTRADA PRINCIPAL--NOMBRE DE PERSONA
Nombre de persona Evans-Pritchard, E. E.
9 (RLIN) 48377
245 10 - MENCIÓN DEL TÍTULO
Título Historia del pensamiento antropológico /
Mención de responsabilidad, etc. Edward Evans-Pritchard ; recopilación de André Singer ; introducción de Ernest Gellner ; [traducción de Isabel Vericat].
260 ## - PUBLICACIÓN, DISTRIBUCIÓN, ETC.
Lugar de publicación, distribución, etc. Madrid :
Nombre del editor, distribuidor, etc. Cátedra,
Fecha de publicación, distribución, etc. [1987]
300 ## - DESCRIPCIÓN FÍSICA
Extensión 265 p. ;
Dimensiones 21 cm.
490 1# - MENCIÓN DE SERIE
Mención de serie Teorema.
-- Serie mayor
504 ## - NOTA DE BIBLIOGRAFÍA, ETC.
Nota de bibliografía, etc. Bibliografía: p. 261-265.
650 #7 - PUNTO DE ACCESO ADICIONAL DE MATERIA--TÉRMINO DE MATERIA
Término de materia o nombre geográfico como elemento de entrada Antropología cultural y social-
Subdivisión de forma Historia.
9 (RLIN) 9877
700 1# - ENTRADA AGREGADA--NOMBRE PERSONAL
Nombre de persona Singer, André.
9 (RLIN) 160157
700 1# - ENTRADA AGREGADA--NOMBRE PERSONAL
Nombre de persona Gellner, Ernest.
9 (RLIN) 56272
700 1# - ENTRADA AGREGADA--NOMBRE PERSONAL
Nombre de persona Vericat, Isabel.
9 (RLIN) 114131
830 0# - PUNTO DE ACCESO ADICIONAL DE SERIE-TÍTULO UNIFORME
Título uniforme Teorema.
-- Serie mayor
9 (RLIN) 177809
852 ## - LOCALIZACIÓN
Ubicación ES-MaACL
Número de control de estantería L-30445
Nota libre . - Donat. Miguel A. Velasco
Holdings
Estatus retirado Estado de pérdida Estado de daño No para préstamo Biblioteca de origen Biblioteca actual Ubicación en estantería Fecha de adquisición Fuente de adquisición Total de préstamos Signatura topográfica completa Código de barras Visto por última vez Precio de reemplazo Tipo de ítem Koha
        Biblioteca del Ateneo de Madrid Biblioteca del Ateneo de Madrid Depósito 2 18/07/2016     L-30445 1195611 23/02/2023 23/02/2023 Libro impreso